000
00253nam a2200109Ia 4500
008
231212s1967 xx 000 0 und d
041
_a
eng
082
_a
420.7
100
_a
Gupta M.L.
245
_a
Electronics and Radio
260
_a
Delhi
_b
Somaya
_c
1967
999
_c
958115
_d
958115